"Romantik"

Titel: "Romantik" : Selbstverständnisse einer Epoche im Prozeß des europäischen Kulturtransfers / Rainer Adolphi
Verfasser:
In: Transfer und Vergleich nach dem Cross-Cultural-Turn, (2015), Seite 79-120
alle Artikel anzeigen
Veröffentlicht: 2015
Format: Aufsatz
Sprache: Deutsch
Schlagworte:
Kein Bild verfügbar
X
alg: 42406989
001A    $03025:19-12-17 
001B    $01999:19-12-17 $t22:45:08.000 
001C    $03025:19-12-17 $t13:27:43.000 
001D    $03025:19-12-17 
001U    $0utf8 
001X    $00 
002@    $0Aou 
002C    $aText $btxt $2rdacontent 
002D    $aohne Hilfsmittel zu benutzen $bn $2rdamedia 
002E    $aBand $bnc $2rdacarrier 
003@    $042406989X 
007A    $042406989X $aHEB 
010@    $ager 
010E    $erda 
011@    $a2015 
021A    $a"Romantik" $dSelbstverständnisse einer Epoche im Prozeß des europäischen Kulturtransfers $hRainer Adolphi 
028A    $BVerfasser $4aut $7 $8Adolphi, Rainer [Tnd] $914597684X 
031A    $h79-120 $j2015 
039B    $aEnthalten in $8--Aau--. Transfer und Vergleich nach dem Cross-Cultural-Turn. - Leipzig : Leipziger Universitätsverlag, 2015. - 467 S.. - ISBN 3-86583-915-0 $x201500000000000921 $9359939597 
044K    $#Abendland $#Okzident $74015701-5 $8Europa [Tgz] $908503617X 
044K    $RKulturbeziehungen $RKulturkontakt $RKulturaustausch $#Culture diffusion $#Diffusion de la culture $#Kulturtransfer $74165992-2 $8Kulturvermittlung [Ts1] $9085745332 
044K    $RBiedermeier $#Romanticism $#Romantisme $#Romanticismo $#Romantik $#Frühromantik $#Spätromantik $74050491-8 $8Romantik [Ts1] $9085140775 

lok: 42406989 78

exp: 42406989 78 1 #EPN
201B/01 $019-12-17 $t13:27:22.000 
201C/01 $019-12-17 
201U/01 $0utf8 
203@/01 $01013055217 
208@/01 $a19-12-17 $be 
209A/01 $a/ $f000 $x00 
209A/01 $ab*p $x01 
220C/01 $apgar 
247C/01 $82080>Marburg/Lahn, Herder-Institut, Forschungsbibliothek, Bibliographieportal $9336309341
LEADER 00000caa a2200000 c 4500
001 42406989X
003 DE-603
005 20171219224508.0
007 tu
008 171219s2015 xx |||| | u00||u|ger c
035 |a (DE-599)HEB42406989X 
040 |a DE-603  |b ger  |c DE-603  |d DE-603  |e rda 
041 |a ger 
100 1 |a Adolphi, Rainer  |e Verfasser  |4 aut  |0 (DE-603)14597684X 
245 0 0 |a "Romantik"  |b Selbstverständnisse einer Epoche im Prozeß des europäischen Kulturtransfers  |c Rainer Adolphi 
264 0 |c 2015 
336 |a Text  |b txt  |2 rdacontent 
337 |a ohne Hilfsmittel zu benutzen  |b n  |2 rdamedia 
338 |a Band  |b nc  |2 rdacarrier 
650 7 |a Kulturvermittlung  |0 (DE-588)4165992-2  |0 (DE-603)085745332  |2 gnd 
650 7 |a Romantik  |0 (DE-588)4050491-8  |0 (DE-603)085140775  |2 gnd 
651 7 |a Europa  |0 (DE-588)4015701-5  |0 (DE-603)08503617X  |2 gnd 
773 0 8 |i Enthalten in  |t Transfer und Vergleich nach dem Cross-Cultural-Turn  |d Leipzig : Leipziger Universitätsverlag, 2015  |h 467 S.  |z 3865839150  |z 9783865839152  |g (2015), Seite 79-120  |w (DE-603)359939597 
924 0 |9 2080  |a (DE-603)1013055217  |b DE-2080  |c HES  |d d  |g /